[Event "Bogota Navidad op"]
[Site "Bogota"]
[Date "2016.12.08"]
[Round "2"]
[White "Castellanos, Johan Sebastian"]
[Black "Guzman, Pedro Juan"]
[Result "1-0"]
[WhiteElo "1305"]
[BlackElo "1924"]
[PlyCount "61"]
[EventDate "2016.12.07"]
[EventType "swiss"]
[EventRounds "9"]
[EventCountry "COL"]
[SourceTitle "CBM 176 Extra"]
[Source "ChessBase"]
[SourceDate "2017.03.02"]
[SourceVersion "1"]
[SourceVersionDate "2017.03.02"]
[SourceQuality "1"]

1. d4 Nf6 2. Nc3 d5 3. f3 e6 4. e4 dxe4 5. fxe4 Bb4 6. Bg5 h6 7. Bxf6 Qxf6 8. Bd3 c5 9. Nf3 Nc6 10. e5 Qf4 11. 0-0 Nxd4 12. Ne4 Nxf3+ 13. Rxf3 Qxe5 14. Nd6+ Ke7 15. Nxf7 Qd4+ 16. Kh1 Rf8 17. c3 Qd5 18. Qf1 Ba5 19. Bg6 Bc7 20. c4 Qd4 21. Rd1 Qg4 22. Qd3 b6 23. Be4 Rb8 24. Ne5 Bxe5 25. Rxf8 Kxf8 26. Qd8+ Kf7 27. Rf1+ Bf6 28. Qc7+ Kf8 29. Bc6 Qe2 30. Qd8+ Kf7 31. Qe8# 1-0